<?xml version="1.0" encoding="UTF-8"?>
<collection xmlns="http://www.loc.gov/MARC21/slim">
 <record>
  <leader>00735nam a22001815a 4500</leader>
  <controlfield tag="001">EUN.um057560</controlfield>
  <controlfield tag="003">AR-BaUNS</controlfield>
  <controlfield tag="005">20050623122926.0</controlfield>
  <controlfield tag="008">041125ss.f.####ag#a##########000#0#spa#d</controlfield>
  <datafield tag="245" ind1="1" ind2="0">
   <subfield code="a">Relevamiento geográfico :</subfield>
   <subfield code="b">guía teórico-práctica /</subfield>
   <subfield code="c">Olga M. Del Pozo, Marta L. Roncero.</subfield>
  </datafield>
  <datafield tag="260" ind1=" " ind2=" ">
   <subfield code="a">Bahía Blanca :</subfield>
   <subfield code="b">Universidad nacional del sur. Departamento de ciencias sociales,</subfield>
   <subfield code="c">s.f.</subfield>
  </datafield>
  <datafield tag="300" ind1=" " ind2=" ">
   <subfield code="a">128 h. :</subfield>
   <subfield code="b">ilus. ;</subfield>
   <subfield code="c">33,5 cm.</subfield>
  </datafield>
  <datafield tag="100" ind1="1" ind2=" ">
   <subfield code="a">Del Pozo, Olga M.</subfield>
  </datafield>
  <datafield tag="700" ind1="1" ind2=" ">
   <subfield code="a">Roncero, Marta L.</subfield>
  </datafield>
  <datafield tag="082" ind1="0" ind2="4">
   <subfield code="a">910</subfield>
  </datafield>
  <datafield tag="859" ind1=" " ind2=" ">
   <subfield code="a">Ar-BaUNS</subfield>
   <subfield code="b">BIB. CENTRAL - Sector C</subfield>
   <subfield code="h">910</subfield>
   <subfield code="i">D386</subfield>
   <subfield code="k">F</subfield>
   <subfield code="p">84923/980</subfield>
  </datafield>
  <datafield tag="859" ind1=" " ind2=" ">
   <subfield code="a">Ar-BaUNS</subfield>
   <subfield code="b">BIB. CENTRAL - Sector C</subfield>
   <subfield code="h">910</subfield>
   <subfield code="i">D386</subfield>
   <subfield code="k">F</subfield>
   <subfield code="p">84924/980</subfield>
   <subfield code="t">Ej.2</subfield>
  </datafield>
  <datafield tag="859" ind1=" " ind2=" ">
   <subfield code="a">Ar-BaUNS</subfield>
   <subfield code="b">BIB. CENTRAL - Sector C</subfield>
   <subfield code="h">910</subfield>
   <subfield code="i">D386</subfield>
   <subfield code="k">F</subfield>
   <subfield code="p">84927/980</subfield>
   <subfield code="t">Ej.3</subfield>
  </datafield>
 </record>
</collection>
